00729nam a2200169 i 4500001000700000003000900007005001700016008004100033245016000074260005500234300002000289490006300309651006500372700003500437830006300472852002400535184594ES-MaACL20230906222232.0151026m18771882mx |||| | spa d00aColección de documentos para la historia de la Guerra de la Independencia de México, de 1808 a 1821 / ccoleccionados por J.E. Hernández y Dávalos. aMéxico : bJosé María Sandoval, c1877-1882. a6 v. ; c30 cm.1 aBiblioteca de El Sistema Postal de la República Mexicana 4aMéxico-xHistoria-y1810-1821, Guerra de la Independencia.1 aHernández y Dávalos, J. E.0 aBiblioteca de El Sistema Postal de la República Mexicana aES-MaACLjA-4271-76